| 000 | 00574nam a22001817a 4500 | ||
|---|---|---|---|
| 003 | OSt | ||
| 005 | 20220107122815.0 | ||
| 008 | 160610b xxu||||| |||| 00| 0 eng d | ||
| 040 | _cIIITMK | ||
| 100 |
_aGibin George (93515001) _99711 |
||
| 245 | _aProbabilistic discriminative model for malware detection in Android platform using decompiled source code | ||
| 300 | _aMini project | ||
| 502 |
_bMPhil Computer Science _c2015-16 _dINT _eDr. Tony Thomas |
||
| 650 |
_aCOMPUTER SCIENCE _99712 |
||
| 650 |
_aMALWARE DETECTION _99713 |
||
| 650 |
_aANDROID _99714 |
||
| 942 |
_2ddc _cPR |
||
| 999 |
_c5210 _d5210 |
||